00633nam a2200169 u 450000100100000000500170001000800410002704000130006808200200008110000280010124500820012926000480021130000210025970000420028095201260032299900150044800000178020200929145710.0090629s2005 dr r 000 0 spa d aDO-SdBNP bK123ha864.23441 aKeller, Nora Okja9578510aHija del Bambú /cNora Okja Keller ; traducción Eva Rodríguez Halffter. aBarcelona :bRandom House Mondadori,c2005. a269 p. ;c24 cm.1 aRodríguez Halffter, Eva,etr.95786 001054708PDaGRbGRcCTd2009-06-29iLF1l0o885.2344 K123hp1780-50r2020-06-25w2020-06-25yLFPDZPréstamo en sala c1657d1657